000 00443nam a2200181Ia 4500
005 20250603144859.0
008 250603s9999 xx 000 0 und d
020 _a9781119799498
050 _aTN 879 .D37/
100 _aDareing, Don W.
245 0 _aEngineering practice with oilfield and drilling applications
260 _aNew Jersey
260 _bWiley
260 _c2022
300 _a600 p
650 _aNew Jersey
942 _cBK
999 _c40223
_d40223